000 00374nam a22001577a 4500
003 MPLRDC
005 20220104114445.0
008 210129b ||||| |||| 00| 0 eng d
082 _a857.63 CKL v.209*
100 _a岑凯伦著
245 _a无歌的幽谷
_c
260 _a
_b环球图书杂志出版社
_c
300 _b
650 _a
942 _cBK
_o857.63 CKL v.209*
999 _c7618
_d7608